[Event "Rome La Regina op 3rd"]
[Site "Rome"]
[Date "2023.07.29"]
[Round "2"]
[White "Pescatore, Lorenzo"]
[Black "Cappai, Davide"]
[Result "1-0"]
[WhiteElo "2347"]
[BlackElo "2142"]
[PlyCount "155"]
[EventDate "2023.07.28"]
[EventType "swiss"]
[EventRounds "5"]
[EventCountry "ITA"]
[SourceTitle "CBM 215 Extra"]
[Source "ChessBase"]
[SourceDate "2023.09.30"]
[SourceVersion "1"]
[SourceVersionDate "2023.09.30"]
[SourceQuality "1"]

1. Nf3 c5 2. e4 g6 3. c3 Nf6 4. e5 Nd5 5. Bc4 Nb6 6. Bb3 c4 7. Bc2 d5 8. d4 cxd3 9. Bxd3 Nc6 10. Bf4 Bg7 11. h3 Qc7 12. Qe2 f6 13. exf6 Qxf4 14. fxg7 Qc1+ 15. Qd1 Qxd1+ 16. Kxd1 Rg8 17. Re1 Rxg7 18. Nbd2 Bd7 19. Ne5 0-0-0 20. Ndf3 Rf8 21. Re2 Bf5 22. Kc2 Bxd3+ 23. Nxd3 Nd7 24. Rae1 Rf6 25. b4 a6 26. a4 Kd8 27. b5 axb5 28. axb5 Na7 29. Nd4 Rgf7 30. Ra1 Nc8 31. Ne6+ Rxe6 32. Rxe6 Kc7 33. Rae1 Nf8 34. R6e2 Kd6 35. Kb3 e6 36. Ne5 Rf5 37. g3 Nb6 38. f4 Rf6 39. c4 Nfd7 40. Nxd7 dxc4+ 41. Kb4 Kxd7 42. Kc5 Nd5 43. Kxc4 Kd6 44. Kd4 Nc7 45. Re5 Nd5 46. R1e2 Ne7 47. Ke4 Nd5 48. Rd2 Rf8 49. Kf3 Ra8 50. Rd3 Ra4 51. h4 Rb4 52. h5 Rxb5 53. hxg6 hxg6 54. Rg5 Rb1 55. Rxg6 b5 56. g4 Rf1+ 57. Kg3 Kc5 58. Rxe6 Nxf4 59. Re5+ Kc4 60. Rf3 Rxf3+ 61. Kxf3 Nd3 62. Re4+ Kc3 63. g5 b4 64. g6 b3 65. Re8 b2 66. Rc8+ Kd2 67. Rb8 Ne5+ 68. Ke4 Nxg6 69. Rxb2+ Kc3 70. Rg2 Nf8 71. Kd5 Nd7 72. Rg6 Kb4 73. Rd6 Nf8 74. Rb6+ Ka5 75. Rb7 Ng6 76. Ke4 Ka6 77. Rg7 Nf8 78. Rf7 1-0

[Event "ITA-chTA 53rd"]
[Site "Montesilvano"]
[Date "2022.04.21"]
[Round "4.3"]
[White "Pescatore, Lorenzo"]
[Black "Barp, Alberto"]
[Result "0-1"]
[WhiteElo "2362"]
[BlackElo "2394"]
[PlyCount "134"]
[EventDate "2022.04.19"]
[EventType "team-tourn"]
[EventRounds "7"]
[EventCountry "ITA"]
[SourceTitle "CBM 207 Extra"]
[Source "ChessBase"]
[SourceDate "2022.05.31"]
[SourceVersion "1"]
[SourceVersionDate "2022.05.31"]
[SourceQuality "1"]
[WhiteTeam "Rome Arrocco"]
[BlackTeam "WorldtradingLab"]
[WhiteTeamCountry "ITA"]
[BlackTeamCountry "ITA"]

1. e4 e5 2. Nf3 Nc6 3. Bb5 a6 4. Ba4 Nf6 5. Bxc6 dxc6 6. d3 Bd6 7. Nbd2 Nd7 8. Nc4 0-0 9. 0-0 c5 10. a4 Re8 11. Be3 Nf8 12. Nfd2 Ng6 13. Qh5 Be6 14. h3 f6 15. a5 Bf8 16. g3 Bf7 17. Qg4 b5 18. axb6 cxb6 19. f4 exf4 20. gxf4 b5 21. f5 bxc4 22. fxg6 hxg6 23. Nxc4 Bxc4 24. dxc4 Qe7 25. Rf4 g5 26. Rf5 Qxe4 27. Qxe4 Rxe4 28. Bxc5 Rxc4 29. Bxf8 Kxf8 30. c3 Rb8 31. Rf2 Rc6 32. Rd1 Rcb6 33. b4 Rc6 34. Rd3 Rbc8 35. Rff3 Kf7 36. Kg2 Kg6 37. Rfe3 a5 38. bxa5 Rc5 39. a6 R5c6 40. Re2 Rxa6 41. Rc2 Ra4 42. Kh2 Rac4 43. Rg3 Kh5 44. Rd3 R8c7 45. Rc1 g4 46. Rg1 gxh3 47. Rgg3 g5 48. Rd6 Rxc3 49. Rxf6 Rxg3 50. Kxg3 Rc3+ 51. Kh2 Kg4 52. Ra6 Rc2+ 53. Kh1 Kh4 54. Ra4+ g4 55. Rb4 Re2 56. Rc4 Kg3 57. Rc3+ Kf4 58. Ra3 g3 59. Ra4+ Re4 60. Ra1 Kg4 61. Kg1 Rf4 62. Kh1 Rf1+ 63. Rxf1 g2+ 64. Kh2 gxf1B 65. Kg1 Kg3 66. Kh1 Bg2+ 67. Kg1 h2# 0-1

[Event "Anti Cheating Blitz Cup"]
[Site "Chess.com INT"]
[Date "2020.05.20"]
[Round "8"]
[White "Baskin, Robert"]
[Black "Pescatore, Lorenzo"]
[Result "1/2-1/2"]
[WhiteElo "2390"]
[BlackElo "2381"]
[PlyCount "181"]
[EventDate "2020.05.20"]
[EventType "swiss (blitz)"]
[EventRounds "11"]
[EventCountry "USA"]
[SourceTitle "CBM 196 Extra"]
[Source "ChessBase"]
[SourceDate "2020.07.31"]
[SourceVersion "1"]
[SourceVersionDate "2020.07.31"]
[SourceQuality "1"]

1. e4 c5 2. Nf3 Nc6 3. d4 cxd4 4. Nxd4 g6 5. Nc3 Bg7 6. Be3 Nf6 7. Bc4 0-0 8. Bb3 a5 9. 0-0 Nxd4 10. Bxd4 d6 11. h3 Bd7 12. Qe2 a4 13. Bc4 a3 14. b3 Qa5 15. Rad1 e5 16. Be3 Qxc3 17. Rxd6 Bc6 18. f3 Rfd8 19. Rfd1 Rxd6 20. Rxd6 Qa1+ 21. Kh2 Qxa2 22. Qd2 Be8 23. Rd8 Rxd8 24. Qxd8 Qb2 25. Bg5 Qd4 26. Qa8 Qd6 27. Bxf6 Bxf6 28. Qxe8+ Qf8 29. Qxf8+ Kxf8 30. b4 Bg5 31. Kg1 Bd2 32. b5 Ke7 33. Kf2 f6 34. Ke2 Bh6 35. Kd3 Kd6 36. Kc3 Kc5 37. Bg8 Bc1 38. Kb3 Kxb5 39. Bxh7 g5 40. g3 Kc5 41. h4 gxh4 42. gxh4 Kd4 43. Bg8 Ke3 44. Bd5 Kxf3 45. Bxb7 Kg4 46. c4 Kxh4 47. c5 Be3 48. c6 Bb6 49. Kxa3 Kg5 50. Bc8 Kf4 51. Bf5 Ke3 52. Kb4 Kd4 53. Kb5 Bc7 54. Ka6 Kc5 55. Kb7 Kd6 56. Bd7 Ba5 57. Bf5 Bc7 58. Bg4 Ba5 59. Bd1 Bc7 60. Ba4 Ba5 61. Ka6 Bc7 62. Kb5 Bd8 63. Kc4 Bc7 64. Kd3 Bd8 65. Ke3 Bc7 66. Kf3 Bd8 67. Kg4 Bc7 68. Kf5 Ke7 69. Bb5 Bd6 70. Bc4 Bc7 71. Bd5 Bd6 72. Kg4 Bc7 73. Kf3 Bd6 74. Ke3 Bc7 75. Kd3 Bd6 76. Kc4 Kd8 77. Be6 Ba3 78. Kd5 Kc7 79. Bd7 Kd8 80. Ke6 Kc7 81. Kxf6 Bb2 82. Ke6 Bd4 83. Kd5 Bb2 84. Bf5 Bd4 85. Bh3 Bb2 86. Bf1 Bd4 87. Bb5 Bb2 88. Kc4 Bd4 89. Kb3 Be3 90. Kc3 Bd4+ 91. Kc4 1/2-1/2

[Event "Anti Cheating Blitz Cup"]
[Site "Chess.com INT"]
[Date "2020.05.20"]
[Round "7"]
[White "Gabuzyan, Hovhannes"]
[Black "Pescatore, Lorenzo"]
[Result "1/2-1/2"]
[WhiteElo "2557"]
[BlackElo "2381"]
[PlyCount "165"]
[EventDate "2020.05.20"]
[EventType "swiss (blitz)"]
[EventRounds "11"]
[EventCountry "USA"]
[SourceTitle "CBM 196 Extra"]
[Source "ChessBase"]
[SourceDate "2020.07.31"]
[SourceVersion "1"]
[SourceVersionDate "2020.07.31"]
[SourceQuality "1"]

1. Nf3 c5 2. e4 Nc6 3. g3 g6 4. Bg2 Bg7 5. 0-0 d6 6. c3 Nf6 7. Re1 0-0 8. d4 Bg4 9. dxc5 dxc5 10. Qxd8 Rfxd8 11. Nbd2 Nd7 12. h3 Bxf3 13. Nxf3 Nde5 14. Be3 Nc4 15. Bxc5 Nxb2 16. Re2 Na4 17. Bd4 Nxc3 18. Bxc3 Bxc3 19. Rb1 Rab8 20. e5 b5 21. e6 f6 22. Re4 b4 23. Rc4 Rbc8 24. Kf1 a5 25. h4 Ne5 26. Nxe5 Bxe5 27. Rxc8 Rxc8 28. Rd1 a4 29. Rd7 b3 30. axb3 axb3 31. Be4 b2 32. Rb7 Kf8 33. Ke2 f5 34. Bd3 Rc6 35. h5 Rxe6 36. hxg6 hxg6 37. Kd1 Rd6 38. Kc2 Bf6 39. f3 Rc6+ 40. Kd1 Kg7 41. Ke2 Rc1 42. g4 fxg4 43. fxg4 Rg1 44. Kf3 Rd1 45. Ke2 Rc1 46. Rb6 Rc5 47. Kf3 Rd5 48. Be4 Rd4 49. Bc2 Rd2 50. Be4 Rf2+ 51. Ke3 Rh2 52. Kf3 Bd4 53. Rxg6+ Kf7 54. Rb6 Rf2+ 55. Kg3 e5 56. Rb7+ Kf6 57. Rb8 Rf4 58. Rf8+ Kg5 59. Rxf4 exf4+ 60. Kf3 Be5 61. Bf5 Kf6 62. Bb1 Ke7 63. g5 Kf7 64. g6+ Kg7 65. Bc2 Bc3 66. Bb1 Bf6 67. Kxf4 Bc3 68. Kg4 Bf6 69. Kf3 Bc3 70. Ke2 Bf6 71. Kd1 Be7 72. Kc2 Bf6 73. Kb3 Be5 74. Kc4 Bf6 75. Kd5 Bc3 76. Ke6 Bf6 77. Kd7 Bc3 78. Ke8 Bd2 79. Ke7 Bc1 80. Ke6 Bd2 81. Kd5 Bc1 82. Ke6 Bd2 83. Kd5 1/2-1/2

[Event "Anti Cheating Blitz Cup"]
[Site "Chess.com INT"]
[Date "2020.05.20"]
[Round "1"]
[White "Perossa, Nicolas"]
[Black "Pescatore, Lorenzo"]
[Result "0-1"]
[WhiteElo "1793"]
[BlackElo "2381"]
[PlyCount "70"]
[EventDate "2020.05.20"]
[EventType "swiss (blitz)"]
[EventRounds "11"]
[EventCountry "USA"]
[SourceTitle "CBM 196 Extra"]
[Source "ChessBase"]
[SourceDate "2020.07.31"]
[SourceVersion "1"]
[SourceVersionDate "2020.07.31"]
[SourceQuality "1"]

1. e4 c5 2. Nf3 Nc6 3. d4 cxd4 4. Nxd4 g6 5. c3 Bg7 6. Be3 Nf6 7. f3 d5 8. Nxc6 bxc6 9. e5 Nd7 10. f4 0-0 11. Nd2 f6 12. exf6 exf6 13. Be2 Re8 14. Bf2 Ba6 15. c4 Qe7 16. Rc1 f5 17. Rc2 Nc5 18. Bxc5 Qxc5 19. Nb3 Qe3 20. Qd2 Bxc4 21. Qxe3 Rxe3 22. Na5 Bd3 23. Rd2 Rae8 24. Rxd3 Rxd3 25. Nxc6 Rde3 26. 0-0 Rxe2 27. Ne5 Bxe5 28. fxe5 R8xe5 29. Rc1 Rxb2 30. Rc8+ Kg7 31. Rc7+ Kh6 32. h4 Ree2 33. Kh2 Rxg2+ 34. Kh3 f4 35. Rf7 Rg3# 0-1

[Event "Anti Cheating Blitz Cup"]
[Site "Chess.com INT"]
[Date "2020.05.20"]
[Round "2"]
[White "Pescatore, Lorenzo"]
[Black "Sadhwani, Raunak"]
[Result "0-1"]
[WhiteElo "2381"]
[BlackElo "2545"]
[PlyCount "52"]
[EventDate "2020.05.20"]
[EventType "swiss (blitz)"]
[EventRounds "11"]
[EventCountry "USA"]
[SourceTitle "CBM 196 Extra"]
[Source "ChessBase"]
[SourceDate "2020.07.31"]
[SourceVersion "1"]
[SourceVersionDate "2020.07.31"]
[SourceQuality "1"]

1. e4 c6 2. c4 g6 3. d4 Bg7 4. Nf3 d6 5. Nc3 Nf6 6. Be2 0-0 7. 0-0 Na6 8. h3 e5 9. Be3 Nh5 10. dxe5 dxe5 11. Qxd8 Rxd8 12. c5 Nc7 13. Nd2 Nf4 14. Nc4 Nce6 15. Nd6 Nd4 16. Bc4 Be6 17. Bxf4 exf4 18. Rfd1 Rxd6 19. cxd6 Bxc4 20. Rd2 Rd8 21. e5 Bxe5 22. Re1 f6 23. Ne4 Bd5 24. Nc5 b6 25. Rxd4 Bxd4 26. Re7 Bxc5 0-1

[Event "EU-Cup 35th"]
[Site "Ulcinj"]
[Date "2019.11.16"]
[Round "7.27"]
[White "Podlesnik, Bogdan"]
[Black "Pescatore, Lorenzo"]
[Result "0-1"]
[WhiteElo "2342"]
[BlackElo "2389"]
[PlyCount "112"]
[EventDate "2019.11.10"]
[EventType "team-swiss"]
[EventRounds "7"]
[EventCountry "MNE"]
[SourceTitle "EXT 2021"]
[Source "ChessBase"]
[SourceDate "2020.10.23"]
[SourceVersion "1"]
[SourceVersionDate "2020.10.23"]
[SourceQuality "1"]
[WhiteTeam "Prishtina"]
[BlackTeam "Arrocco"]
[WhiteTeamCountry "KOS"]
[BlackTeamCountry "ITA"]

1. e4 c5 2. Nf3 Nc6 3. d4 cxd4 4. Nxd4 g6 5. Nc3 Bg7 6. Be3 Nf6 7. Be2 0-0 8. f4 d6 9. 0-0 Qb6 10. Qd3 Ng4 11. Bxg4 Bxd4 12. Bxd4 Qxd4+ 13. Qxd4 Nxd4 14. Bd1 e5 15. Nd5 Be6 16. Ne7+ Kh8 17. c3 Nc6 18. Nxc6 bxc6 19. fxe5 dxe5 20. Bb3 Kg7 21. Bxe6 fxe6 22. Rxf8 Kxf8 23. Rd1 Ke7 24. Kf2 c5 25. b3 Rb8 26. Ke3 Rb6 27. Kd3 Rd6+ 28. Kc2 Ra6 29. Kb2 Rb6 30. g4 Rb8 31. Rf1 Rh8 32. Kc2 g5 33. Rf3 h5 34. gxh5 g4 35. Rf2 Rxh5 36. a4 Rh3 37. Rg2 Kd6 38. Rxg4 Rxh2+ 39. Kd3 Rh3+ 40. Kc4 Re3 41. a5 a6 42. b4 cxb4 43. Kxb4 Re1 44. Rg7 Rxe4+ 45. c4 Re1 46. Ra7 Rb1+ 47. Kc3 Rc1+ 48. Kb4 e4 49. Rh7 e3 50. Rh2 Ke5 51. Kc5 Ke4 52. Kb6 Kd3 53. Kxa6 e2 54. Rxe2 Kxe2 55. Kb6 Kd3 56. c5 Kd4 0-1

[Event "Amantea op 16th"]
[Site "Amantea"]
[Date "2018.09.16"]
[Round "9"]
[White "Pescatore, Lorenzo"]
[Black "Carbone, Stefano"]
[Result "1-0"]
[WhiteElo "2352"]
[BlackElo "2137"]
[PlyCount "87"]
[EventDate "2018.09.09"]
[EventType "swiss"]
[EventRounds "9"]
[EventCountry "ITA"]
[SourceTitle "CBM 186 Extra"]
[Source "ChessBase"]
[SourceDate "2018.08.24"]
[SourceVersion "1"]
[SourceVersionDate "2018.08.24"]
[SourceQuality "1"]

1. e4 c6 2. c4 d5 3. exd5 cxd5 4. cxd5 Nf6 5. Nc3 Nxd5 6. Nf3 Nxc3 7. bxc3 g6 8. d4 Bg7 9. Bd3 0-0 10. 0-0 Nc6 11. Re1 Qa5 12. Bd2 Bg4 13. Be4 Qc7 14. h3 Bd7 15. Rb1 Rac8 16. Bg5 e6 17. Qd2 Na5 18. Bf4 Qd8 19. Bh6 Bc6 20. Bxc6 Rxc6 21. Bxg7 Kxg7 22. Ne5 Rc7 23. Ng4 h5 24. Qh6+ Kg8 25. Ne5 Qf6 26. Re3 Qg7 27. Qf4 Rfc8 28. Rb5 Nc4 29. Nxc4 Rxc4 30. Rxb7 Rxc3 31. Rxa7 R3c4 32. Rf3 Rf8 33. Rd7 e5 34. Qxe5 Qxe5 35. dxe5 Ra4 36. a3 Re4 37. Re7 Ra8 38. g3 Ra5 39. Rfxf7 Rxa3 40. Rf6 g5 41. e6 g4 42. Rg6+ Kh8 43. Rh6+ Kg8 44. Rxh5 1-0

[Event "Porto San Giorgio op"]
[Site "Porto San Giorgio"]
[Date "2017.08.25"]
[Round "3"]
[White "Pescatore, Lorenzo"]
[Black "Orfini, Nicolo"]
[Result "1/2-1/2"]
[WhiteElo "2336"]
[BlackElo "2222"]
[PlyCount "81"]
[EventDate "2017.08.23"]
[EventType "swiss"]
[EventRounds "9"]
[EventCountry "ITA"]
[SourceTitle "CBM 180 Extra"]
[Source "ChessBase"]
[SourceDate "2017.10.06"]
[SourceVersion "1"]
[SourceVersionDate "2017.10.06"]
[SourceQuality "1"]

1. e4 d6 2. d4 Nf6 3. Nc3 e5 4. Nf3 Nbd7 5. Bc4 Be7 6. 0-0 0-0 7. h3 c6 8. a4 Qc7 9. Qe2 b6 10. Rd1 Bb7 11. Ba2 Rad8 12. Be3 d5 13. exd5 e4 14. Nh4 Nxd5 15. Nf5 N7f6 16. Bg5 Bc8 17. Ng3 Nxc3 18. bxc3 Nd5 19. Nxe4 Nxc3 20. Nxc3 Bxg5 21. Ne4 Bh6 22. Qf3 Qf4 23. Qxf4 Bxf4 24. c3 Bf5 25. Bb1 Bg6 26. g3 Bh6 27. f4 Rfe8 28. Nf2 Re3 29. f5 Rxg3+ 30. Kh2 Rxc3 31. fxg6 hxg6 32. Ra2 Rc4 33. Re2 Rxa4 34. Ba2 Kf8 35. d5 cxd5 36. Rxd5 Rd4 37. Rxd8+ Rxd8 38. Bc4 Rd2 39. Rxd2 Bxd2 40. Ne4 Bf4+ 41. Kg2 1/2-1/2

[Event "Porto San Giorgio op"]
[Site "Porto San Giorgio"]
[Date "2017.08.24"]
[Round "2"]
[White "Bettalli, Francesco"]
[Black "Pescatore, Lorenzo"]
[Result "1/2-1/2"]
[WhiteElo "2163"]
[BlackElo "2336"]
[PlyCount "115"]
[EventDate "2017.08.23"]
[EventType "swiss"]
[EventRounds "9"]
[EventCountry "ITA"]
[SourceTitle "CBM 180 Extra"]
[Source "ChessBase"]
[SourceDate "2017.10.06"]
[SourceVersion "1"]
[SourceVersionDate "2017.10.06"]
[SourceQuality "1"]

1. d4 Nf6 2. c4 e6 3. Nf3 b6 4. e3 Bb7 5. Bd3 Bb4+ 6. Nbd2 0-0 7. 0-0 Bxd2 8. Nxd2 c5 9. b3 d6 10. Bb2 Nbd7 11. Qe2 Qe7 12. Rae1 Rad8 13. e4 cxd4 14. Bxd4 e5 15. Bb2 Nc5 16. Bc2 Nfd7 17. Qg4 Qf6 18. g3 Qh6 19. f4 exf4 20. gxf4 Nf6 21. Qg2 Nh5 22. b4 Ne6 23. f5 Nhf4 24. Qg3 Ng5 25. h4 Ngh3+ 26. Kh2 Nh5 27. Qxh3 Qxd2+ 28. Qg2 Qxg2+ 29. Kxg2 Rfe8 30. Rf3 Nf6 31. Rg3 Kf8 32. Kf3 Kg8 33. Rgg1 Kf8 34. Rxg7 Kxg7 35. Rg1+ Kf8 36. Bxf6 Rc8 37. Rg7 Re5 38. Bxe5 dxe5 39. Rxh7 Kg8 40. Rh5 Rxc4 41. Bd3 Rxb4 42. f6 Rd4 43. Ke3 Rd6 44. Rxe5 Rxf6 45. Re7 Bc6 46. Rxa7 Re6 47. Kf4 Kg7 48. h5 Rf6+ 49. Kg5 Re6 50. Kf5 Rh6 51. Kg5 Re6 52. Ra6 Bxe4 53. Bxe4 Rxe4 54. Rxb6 Re5+ 55. Kg4 Ra5 56. Rb2 Ra4+ 57. Kg3 Ra3+ 58. Kg4 1/2-1/2

[Event "Porto San Giorgio op"]
[Site "Porto San Giorgio"]
[Date "2017.08.23"]
[Round "1"]
[White "Pescatore, Lorenzo"]
[Black "Rotolante, Luca"]
[Result "1-0"]
[WhiteElo "2336"]
[BlackElo "2018"]
[PlyCount "91"]
[EventDate "2017.08.23"]
[EventType "swiss"]
[EventRounds "9"]
[EventCountry "ITA"]
[SourceTitle "CBM 180 Extra"]
[Source "ChessBase"]
[SourceDate "2017.10.06"]
[SourceVersion "1"]
[SourceVersionDate "2017.10.06"]
[SourceQuality "1"]

1. e4 c5 2. c3 e6 3. Nf3 Nc6 4. d4 cxd4 5. cxd4 d5 6. e5 Bd7 7. Nc3 a6 8. Bd3 Nge7 9. 0-0 b5 10. Be3 g6 11. g4 Nc8 12. a4 b4 13. Ne2 Be7 14. b3 f6 15. Qd2 0-0 16. Kg2 Qc7 17. Rac1 Qb8 18. Bf4 Qb6 19. Qe3 N8a7 20. h4 fxe5 21. Nxe5 Nxe5 22. Bxe5 Bf6 23. f4 Nc6 24. Bxf6 Rxf6 25. g5 Rf7 26. h5 gxh5 27. Rh1 Raf8 28. Rcf1 Qa7 29. Bb1 Qb6 30. Rxh5 e5 31. Rfh1 exf4 32. Rxh7 Rxh7 33. Bxh7+ Kg7 34. Nxf4 Rxf4 35. Qxf4 Qxd4 36. Qxd4+ Nxd4 37. Bd3 Bf5 38. Rh4 Bxd3 39. Rxd4 Be4+ 40. Kg3 a5 41. Kf4 Kg6 42. Rd2 Kg7 43. Ke5 Kg6 44. Rxd5 Bxd5 45. Kxd5 Kxg5 46. Ke4 1-0

[Event "Montesilvano Adriatico op 10th"]
[Site "Montesilvano"]
[Date "2016.09.18"]
[Round "4"]
[White "Pescatore, Lorenzo"]
[Black "Rombaldoni, Denis"]
[Result "0-1"]
[WhiteElo "2326"]
[BlackElo "2477"]
[PlyCount "110"]
[EventDate "2016.09.16"]
[EventType "swiss"]
[EventRounds "5"]
[EventCountry "ITA"]
[SourceTitle "CBM 174 Extra"]
[Source "ChessBase"]
[SourceDate "2016.10.10"]
[SourceVersion "1"]
[SourceVersionDate "2016.10.10"]
[SourceQuality "1"]

1. e4 e5 2. Nf3 d6 3. d4 exd4 4. Qxd4 Nc6 5. Bb5 Nge7 6. Bg5 f6 7. Be3 a6 8. Bxc6+ Nxc6 9. Qd2 Ne5 10. Nc3 c6 11. Nxe5 fxe5 12. 0-0-0 Be7 13. f4 exf4 14. Bxf4 Bg4 15. Rde1 0-0 16. Kb1 Qc7 17. Bg5 h6 18. Bxe7 Qxe7 19. h3 Be6 20. Rhf1 Rad8 21. b3 Rxf1 22. Rxf1 Bf7 23. Qf4 Bg6 24. Rd1 Qg5 25. Qxg5 hxg5 26. e5 d5 27. Re1 Re8 28. e6 Bf5 29. Re5 g6 30. g4 Rxe6 31. Rxe6 Bxe6 32. Na4 Kf7 33. Kc1 Kf6 34. Kd2 Ke5 35. Ke3 d4+ 36. Kd3 Bd5 37. Nc5 Bg2 38. Nxb7 Kd5 39. Nd8 Bxh3 40. c4+ dxc3 41. Nf7 Bxg4 42. Nxg5 Ke5 43. Kxc3 Kf4 44. Nh7 Bf5 45. Kd4 Bb1 46. a3 Ba2 47. Kc5 Bxb3 48. Kxc6 Kf5 49. Kc5 Bg8 50. Nf8 g5 51. Kd4 Be6 52. Ke3 Bc8 53. Kf3 g4+ 54. Kg3 Kf6 55. Nh7+ Kg6 0-1

[Event "ITA-chT 48th"]
[Site "Civitanova Marche"]
[Date "2016.04.28"]
[Round "2.5"]
[White "Pescatore, Lorenzo"]
[Black "Lodici, Lorenzo"]
[Result "1/2-1/2"]
[WhiteElo "2317"]
[BlackElo "2371"]
[PlyCount "43"]
[EventDate "2016.04.27"]
[EventType "team-swiss"]
[EventRounds "7"]
[EventCountry "ITA"]
[SourceTitle "CBM 172 Extra"]
[Source "ChessBase"]
[SourceDate "2016.06.21"]
[SourceVersion "1"]
[SourceVersionDate "2016.06.21"]
[SourceQuality "1"]
[WhiteTeam "Montesilvano Arrocco"]
[BlackTeam "Perugia Euro Scacchi"]
[WhiteTeamCountry "ITA"]
[BlackTeamCountry "ITA"]

1. e4 e5 2. Nf3 Nc6 3. Bc4 Nf6 4. d3 Be7 5. 0-0 0-0 6. Re1 d6 7. c3 Na5 8. Bb5 a6 9. Ba4 b5 10. Bc2 c5 11. Nbd2 Re8 12. Nf1 Bf8 13. d4 Nc6 14. dxe5 dxe5 15. Bg5 h6 16. Qxd8 Rxd8 17. Bxf6 gxf6 18. Ne3 Be6 19. Nd5 Kg7 20. Red1 Ra7 21. Nh4 Ne7 22. Nxe7 1/2-1/2

[Event "Arco Christmas op 6th"]
[Site "Arco"]
[Date "2015.12.30"]
[Round "7"]
[White "Pescatore, Lorenzo"]
[Black "Siclari, Giovanni"]
[Result "1-0"]
[WhiteElo "2243"]
[BlackElo "2137"]
[PlyCount "83"]
[EventDate "2015.12.26"]
[EventType "swiss"]
[EventRounds "7"]
[EventCountry "ITA"]
[SourceTitle "CBM 170 Extra"]
[Source "ChessBase"]
[SourceDate "2016.02.25"]
[SourceVersion "1"]
[SourceVersionDate "2016.02.25"]
[SourceQuality "1"]

1. e4 c5 2. c3 Nf6 3. e5 Nd5 4. d4 cxd4 5. Nf3 e6 6. cxd4 d6 7. Nc3 Nxc3 8. bxc3 Qc7 9. Bd2 Be7 10. Bd3 Nd7 11. exd6 Bxd6 12. 0-0 0-0 13. Qe2 Rb8 14. Qe4 Nf6 15. Qh4 Qd8 16. Rfe1 Re8 17. Ne5 g6 18. Bg5 Be7 19. Bb5 Rf8 20. Ng4 Nd5 21. Bxe7 Qxe7 22. Qg3 Qc7 23. Nf6+ Kh8 24. Qh4 Nxf6 25. Qxf6+ Kg8 26. h4 h5 27. Re3 Bd7 28. Bd3 Qd8 29. Qf4 Bc6 30. Rae1 Kg7 31. Qg3 Qf6 32. Re5 Kh8 33. Rg5 Rbd8 34. Bxg6 fxg6 35. Rxg6 Qf4 36. Rg8+ Rxg8 37. Qxf4 Rxg2+ 38. Kf1 Rg6 39. Re5 Rd5 40. Qf8+ Kh7 41. Qf7+ Kh6 42. Rxe6 1-0